=LDR 00000nam 2200000 4500 =001 INLIS000000000022336 =005 20130612121114 =008 ***********************************Ind** =035 ##$$0010-061300000022336 =041 ##$$a Ind =082 ##$$a 635.8 =090 ##$$a 635.8, Muk-b =100 ##$$a Mukhroji =245 ##$$a Budi Daya Jamur Kuping, Muchrodji ; Cahyana YA =260 ##$$a 2002 $b Jakarta =300 ##$$a vii, 64 hlm., ilus., 21 cm =650 ##$$a Jamur - Budidaya =850 ##$$a NBPNMAT =990 ##$$a 0001/BPAP-NTB/2016